La inscripción del derecho de arrendamiento en el Registro de la Propiedad / (Record no. 187060)
[ view plain ]
| 000 -LEADER | |
|---|---|
| campo de control de longitud fija | 01048nam a2200241 i 4500 |
| 001 - NÚMERO DE CONTROL | |
| campo de control | 187060 |
| 003 - IDENTIFICADOR DE NÚMERO DE CONTROL | |
| campo de control | ES-MaACL |
| 005 - FECHA Y HORA DE LA ÚLTIMA TRANSACCIÓN | |
| campo de control | 20230906222816.0 |
| 008 - DATOS DE LONGITUD FIJA--INFORMACIÓN GENERAL | |
| campo de control de longitud fija | 170407s1997 sp |||| | spa d |
| 020 ## - NÚMERO INTERNACIONAL ESTÁNDAR DEL LIBRO | |
| Número Internacional Estándar del Libro | 84-88973-43-8 |
| 080 ## - NÚMERO DE LA CLASIFICACIÓN DECIMAL UNIVERSAL | |
| Número de la Clasificación Decimal Universal | 347.235.11(460) |
| 080 ## - NÚMERO DE LA CLASIFICACIÓN DECIMAL UNIVERSAL | |
| Número de la Clasificación Decimal Universal | 332.2(460) |
| 100 1# - ENTRADA PRINCIPAL--NOMBRE DE PERSONA | |
| Nombre de persona | Poveda Bernal, Margarita Isabel. |
| 9 (RLIN) | 162316 |
| 245 13 - MENCIÓN DEL TÍTULO | |
| Título | La inscripción del derecho de arrendamiento en el Registro de la Propiedad / |
| Mención de responsabilidad, etc. | Margarita Isabel Póveda Bernal ; prólogo de José María de la Cuesta Sáenz. |
| 260 ## - PUBLICACIÓN, DISTRIBUCIÓN, ETC. | |
| Lugar de publicación, distribución, etc. | [Madrid] : |
| Nombre del editor, distribuidor, etc. | Colegio de Registradores de la Propiedad y Mercantiles de España, Centro de Estudios Registrales, |
| Fecha de publicación, distribución, etc. | [1997] |
| 300 ## - DESCRIPCIÓN FÍSICA | |
| Extensión | 548 p. ; |
| Dimensiones | 23 cm. |
| 504 ## - NOTA DE BIBLIOGRAFÍA, ETC. | |
| Nota de bibliografía, etc. | Bibliografía: p. 511-544. |
| 650 #4 - PUNTO DE ACCESO ADICIONAL DE MATERIA--TÉRMINO DE MATERIA | |
| Término de materia o nombre geográfico como elemento de entrada | Registro de la propiedad- |
| Subdivisión geográfica | España. |
| 9 (RLIN) | 16759 |
| 650 #4 - PUNTO DE ACCESO ADICIONAL DE MATERIA--TÉRMINO DE MATERIA | |
| Término de materia o nombre geográfico como elemento de entrada | Propiedad inmobiliaria- |
| Subdivisión geográfica | España. |
| 9 (RLIN) | 16487 |
| 700 1# - ENTRADA AGREGADA--NOMBRE PERSONAL | |
| Nombre de persona | Cuesta Sáenz, José María de la. |
| 9 (RLIN) | 162317 |
| 710 2# - ENTRADA AGREGADA--NOMBRE DE ENTIDAD CORPORATIVA | |
| Nombre de entidad corporativa o nombre de jurisdicción como elemento de entrada | Colegio de Registradores de la Propiedad y Mercantiles de España. |
| Unidad subordinada | Centro de Estudios Registrales. |
| 9 (RLIN) | 162314 |
| 852 ## - LOCALIZACIÓN | |
| Ubicación | ES-MaACL |
| Número de control de estantería | L-31382 |
| Estatus retirado | Estado de pérdida | Estado de daño | No para préstamo | Biblioteca de origen | Biblioteca actual | Ubicación en estantería | Fecha de adquisición | Fuente de adquisición | Total de préstamos | Signatura topográfica completa | Código de barras | Visto por última vez | Precio de reemplazo | Tipo de ítem Koha |
|---|---|---|---|---|---|---|---|---|---|---|---|---|---|---|
| Biblioteca del Ateneo de Madrid | Biblioteca del Ateneo de Madrid | Depósito 2 | 07/04/2017 | L-31382 | 1197347 | 23/02/2023 | 23/02/2023 | Libro impreso |
